Normal view MARC view
  • Boylan, Michael,

Entry Personal Name

Number of records used in: 1

001 - CONTROL NUMBER

  • control field: 39865

003 - CONTROL NUMBER IDENTIFIER

  • control field: OSt

005 - DATE AND TIME OF LATEST TRANSACTION

  • control field: 20160419142258.0

008 - FIXED-LENGTH DATA ELEMENTS

  • fixed length control field: 160419|| aca||aabn | a|a d

040 ## - CATALOGING SOURCE

  • Original cataloging agency: OSt

100 1# - HEADING--PERSONAL NAME

  • Personal name: Boylan, Michael,
  • Dates associated with a name: 1952-

500 1# - SEE ALSO FROM TRACING--PERSONAL NAME

  • Personal name: Black, Angus,
  • Dates associated with a name: 1952-